| 000 | 01903nam0a22003131 4500 | ||
|---|---|---|---|
| 001 | rc\4128269 | ||
| 005 | 20260408084312.0 | ||
| 021 |
_aRU _b[48-7373] |
||
| 035 | _a(NLR Aleph) 008155948 | ||
| 090 |
_a7788651 _c7788651 |
||
| 100 | _a20130415d1948 |||y0rusy50 ca | ||
| 101 | 0 | _arus | |
| 102 | _aRU | ||
| 105 | _aa z ||||| | ||
| 200 | 1 |
_aПроект № 228-4 двенадцатиквартирного дома _fРазраб. трестом "Горстройпроект" М-ва строительства предприятий тяжелой индустрии _gГл. упр. по проектированию жилых зданий Ком. по делам архитектуры при Совете Министров СССР |
|
| 210 |
_aМосква _cизд-во и тип. Гос. архитектурного изд-ва _d1948 |
||
| 215 |
_a9 с. текста, [41] с. черт. _d(29х43) |
||
| 225 | 1 |
_aСерия типовых проектов _v№ 228 _iДвухэтажные шлакобетонные жилые дома (с водопроводом и канализацией) |
|
| 300 | _aАвт. проекта: архит. С.П. Селивановский | ||
| 606 |
_aЖилые здания, малоэтажные _jПроекты и чертежи _2psbo |
||
| 606 |
_aЖилые здания шлакобетонные _jПроекты и чертежи _2psbo |
||
| 701 | 1 |
_aСеливановский _bС.П. _gСергей Петрович |
|
| 712 | 0 | 1 |
_aСССР _bГлавное управление по типовому проектированию и массовому строительству _3RU\NLR\AUTH\8810187915 _9868813 |
| 712 | 0 | 2 |
_a"Горстройпроект", трест _cМосква _3RU\NLR\AUTH\8810014511 _9526931 |
| 801 | 0 |
_aRU _bNLR _gpsbo |
|
| 801 | 1 |
_aRU _bELAR _2rusmarc |
|
| 852 |
_aNLR _jТ80 Г-9/600 |
||
| 942 | _cBOOK | ||
| 980 | _aNB | ||